Gestión humana: la imagen del servicio (Registro nro. 10214)
[ vista simple ]
| 000 -CABECERA | |
|---|---|
| campo de control de longitud fija | 01628nam a22006017a 4500 |
| 005 - FECHA Y HORA DE ACTUALIZACIÓN | |
| campo de control | 20241011140358.0 |
| 008 - LONGITUD FIJA | |
| campo de control de longitud fija | 171218b xxu||||| |||| 00| 0 spa d |
| 041 ## - IDIOMA | |
| Código de idioma del texto/pista de sonido o título separado | |
| 082 ## - CLASIFICACIÓN DECIMAL DEWEY | |
| Número de clasificación | 658.3 C292g |
| 100 ## - AUTOR PERSONAL | |
| Nombre de persona | Caro Fernandez, Arelly |
| 245 ## - TÍTULO PROPIAMENTE DICHO | |
| Título | Gestión humana: la imagen del servicio |
| 260 ## - PIE DE IMPRENTA | |
| Lugar de publicación, distribución, etc. | Colombia |
| 260 ## - PIE DE IMPRENTA | |
| Nombre del editor, distribuidor, etc. | McGraw-Hill |
| 260 ## - PIE DE IMPRENTA | |
| Fecha de publicación, distribución, etc. | 2001 |
| 300 ## - DESCRIPCIÓN FÍSICA | |
| Extensión | 180 páginas |
| 650 ## - Materia General | |
| Materia general | ADMINISTRACIÓN DE PERSONAL |
| 650 ## - Materia General | |
| Materia general | RECURSOS HUMANOS |
| 650 ## - Materia General | |
| Materia general | FEUDALISMO |
| 650 ## - Materia General | |
| Materia general | CAPITALISMO |
| 650 ## - Materia General | |
| Materia general | GESTIÓN HUMANA |
| 650 ## - Materia General | |
| Materia general | IMAGEN DEL SERVICIO |
| 650 ## - Materia General | |
| Materia general | DESARROLLO HUMANO |
| 650 ## - Materia General | |
| Materia general | DESARROLLO SOCIAL |
| 650 ## - Materia General | |
| Materia general | ORGANIZACIÓN EMPRESARIAL |
| 650 ## - Materia General | |
| Materia general | REVOLUCIÓN INDUSTRIAL |
| 650 ## - Materia General | |
| Materia general | AMÉRICA LATINA |
| 650 ## - Materia General | |
| Materia general | SEGUNDA GUERRA MUNDIAL |
| 650 ## - Materia General | |
| Materia general | CONOCIMIENTO HUMANO |
| 650 ## - Materia General | |
| Materia general | BRECHAS |
| 650 ## - Materia General | |
| Materia general | PARADIGMA |
| 650 ## - Materia General | |
| Materia general | CIBERNÉTICA |
| 650 ## - Materia General | |
| Materia general | AUTOIMAGEN |
| 650 ## - Materia General | |
| Materia general | SIGLO XIX |
| 650 ## - Materia General | |
| Materia general | ÉTICA CÍVICA |
| 650 ## - Materia General | |
| Materia general | ÉTICA INDIVIDUAL |
| 650 ## - Materia General | |
| Materia general | ÉTICA GLOBAL |
| 650 ## - Materia General | |
| Materia general | ECONOMÍA GLOBAL |
| 650 ## - Materia General | |
| Materia general | SOCIEDAD INDUSTRIAL |
| 650 ## - Materia General | |
| Materia general | SENSIBILIDAD HUMANA |
| 650 ## - Materia General | |
| Materia general | PSICOCIBERNÉTICA |
| 650 ## - Materia General | |
| Materia general | BUROCRACIA |
| 650 ## - Materia General | |
| Materia general | CONDUCTISMO |
| 650 ## - Materia General | |
| Materia general | PSICODINÁMICA GRUPAL |
| 650 ## - Materia General | |
| Materia general | SERVICIO ORGANIZACIONAL |
| 650 ## - Materia General | |
| Materia general | SENSACIÓN |
| 650 ## - Materia General | |
| Materia general | MEMORIA |
| 650 ## - Materia General | |
| Materia general | TEORÍAS SOBRE LOS SENTIDOS DE LA PIEL |
| 650 ## - Materia General | |
| Materia general | VALORES EMPRESARIALES |
| 650 ## - Materia General | |
| Materia general | DINÁMICA ORGANIZACIONAL |
| 650 ## - Materia General | |
| Materia general | ESTRATEGIA DE MEJORAMIENTO |
| 650 ## - Materia General | |
| Materia general | CULTURA CORPORATIVA |
| 942 ## - Punto de Acceso Adicional Koha | |
| Tipo de ítem Koha | Libro |
| Estado perdido | Fuente de clasificación o esquema de estantería | Estado dañado | No para préstamo | Biblioteca permanente | Biblioteca actual | Signatura completa | Código de barras | Precio efectivo a partir del | Programa Académico | Tipo de ítem |
|---|---|---|---|---|---|---|---|---|---|---|
| Dewey Decimal Classification | Departamento de Biblioteca y Documentación Alfonso Chase Brenes | Departamento de Biblioteca y Documentación Alfonso Chase Brenes | 658.3 C292g | 8133 | 18/12/2017 | Libro | ||||
| Dewey Decimal Classification | Departamento de Biblioteca y Documentación Alfonso Chase Brenes | Departamento de Biblioteca y Documentación Alfonso Chase Brenes | 658.3 C292g | 8134 | 18/12/2017 | Libro |